[Event "Lienz op 17th"]
[Site "Lienz"]
[Date "2013.02.12"]
[Round "5"]
[White "Peichel, Roland"]
[Black "Giese, Tilman"]
[Result "1-0"]
[WhiteElo "1910"]
[BlackElo "2046"]
[PlyCount "131"]
[EventDate "2013.02.09"]
[EventType "swiss"]
[EventRounds "9"]
[EventCountry "AUT"]
[SourceTitle "CBM 152 Extra"]
[Source "ChessBase"]
[SourceDate "2013.02.25"]
[SourceVersion "1"]
[SourceVersionDate "2013.02.25"]
[SourceQuality "1"]

1. d4 Nf6 2. c4 g6 3. Nc3 d6 4. Bg5 Bg7 5. Nf3 Nbd7 6. Qc2 h6 7. Bf4 c6 8. e3 Nh5 9. Bg3 Nxg3 10. hxg3 e5 11. 0-0-0 Qe7 12. d5 c5 13. Bd3 Nf6 14. Nh4 Rg8 15. Rde1 Bd7 16. Kb1 0-0-0 17. e4 Kb8 18. Ka1 Ka8 19. Rb1 Ne8 20. b4 cxb4 21. Rxb4 Nc7 22. Rhb1 Rb8 23. Qb2 b6 24. Qa3 Kb7 25. Nb5 Nxb5 26. cxb5 Ka8 27. Ra4 Rb7 28. Rc1 Kb8 29. Nf3 f5 30. Kb1 fxe4 31. Rxe4 Bf5 32. Re3 e4 33. Nd2 Qf6 34. Bxe4 Qa1+ 35. Kc2 Bxe4+ 36. Rxe4 Rc7+ 37. Kd1 Rxc1+ 38. Qxc1 Qxa2 39. Qc6 Be5 40. Rc4 Qa3 41. Qc7+ Ka8 42. f4 Bd4 43. Qf7 Rd8 44. Rc7 Qa4+ 45. Ke1 Bc3 46. Qe7 Qa1+ 47. Ke2 Bf6 48. Qf7 Bc3 49. Qe6 Bf6 50. Rc8+ Kb7 51. Rxd8 Bxd8 52. Qxd6 Bf6 53. Qd7+ Kb8 54. d6 Qc3 55. Qc6 Qxc6 56. bxc6 Bg7 57. Kd3 b5 58. g4 a5 59. f5 gxf5 60. gxf5 a4 61. Kc2 b4 62. Nc4 Bf6 63. Nb6 b3+ 64. Kb1 a3 65. Nd7+ Kc8 66. Nxf6 1-0

[Event "Lienz op 17th"]
[Site "Lienz"]
[Date "2013.02.10"]
[Round "3"]
[White "Hartl, Daniel"]
[Black "Giese, Tilman"]
[Result "1-0"]
[WhiteElo "2275"]
[BlackElo "2046"]
[PlyCount "65"]
[EventDate "2013.02.09"]
[EventType "swiss"]
[EventRounds "9"]
[EventCountry "AUT"]
[SourceTitle "CBM 152 Extra"]
[Source "ChessBase"]
[SourceDate "2013.02.25"]
[SourceVersion "1"]
[SourceVersionDate "2013.02.25"]
[SourceQuality "1"]

1. d4 Nf6 2. c4 g6 3. g3 Bg7 4. Bg2 d6 5. Nc3 0-0 6. Nf3 Nbd7 7. 0-0 e5 8. e4 c6 9. h3 Qe7 10. Be3 h6 11. Qd2 Kh7 12. Rad1 Re8 13. Rfe1 b6 14. b4 Bb7 15. a3 exd4 16. Nxd4 Ne5 17. Qe2 c5 18. Ndb5 cxb4 19. axb4 Red8 20. f4 Nc6 21. c5 dxc5 22. bxc5 bxc5 23. e5 Nd7 24. Nd5 Qf8 25. Nd6 Na5 26. Qb5 Nxe5 27. fxe5 Bxe5 28. Nxb7 Nxb7 29. Qxb7 Bxg3 30. Rf1 Kg8 31. Nf6+ Kg7 32. Qb2 Rab8 33. Qc3 1-0

[Event "Wiesbaden op 24th"]
[Site "Wiesbaden"]
[Date "2012.08.26"]
[Round "7"]
[White "Kiese, Matthias"]
[Black "Giese, Tilman"]
[Result "1-0"]
[WhiteElo "2220"]
[BlackElo "2067"]
[PlyCount "79"]
[EventDate "2012.08.23"]
[EventType "swiss"]
[EventRounds "7"]
[EventCountry "GER"]
[SourceTitle "CBM 150 Extra"]
[Source "ChessBase"]
[SourceDate "2012.10.19"]
[SourceVersion "1"]
[SourceVersionDate "2012.10.19"]
[SourceQuality "1"]

1. d4 Nf6 2. Nf3 g6 3. c4 Bg7 4. Nc3 0-0 5. e4 d6 6. Be2 Nc6 7. d5 Ne5 8. Nxe5 dxe5 9. 0-0 e6 10. Bg5 h6 11. Be3 Qe7 12. Rc1 Rd8 13. Qb3 b6 14. Rfd1 Bb7 15. f3 exd5 16. Nxd5 Nxd5 17. cxd5 Rac8 18. Bb5 Rd6 19. Qa4 a6 20. Bc6 Bxc6 21. Rxc6 Qd7 22. Rdc1 Ra8 23. Qc4 Rxc6 24. Qxc6 Qxc6 25. Rxc6 Ra7 26. d6 cxd6 27. Rxb6 Ra8 28. Rxd6 Kf8 29. Kf1 Ke8 30. Ke2 a5 31. Rd5 Rb8 32. b3 a4 33. bxa4 Rb4 34. a5 Ra4 35. Bd2 Rxa2 36. Kd3 Ra4 37. Kc3 f6 38. Kb3 Ra1 39. Bc3 Rb1+ 40. Bb2 1-0

[Event "Wiesbaden op 24th"]
[Site "Wiesbaden"]
[Date "2012.08.24"]
[Round "2"]
[White "Giese, Tilman"]
[Black "Meijers, Viesturs"]
[Result "0-1"]
[WhiteElo "2067"]
[BlackElo "2492"]
[PlyCount "84"]
[EventDate "2012.08.23"]
[EventType "swiss"]
[EventRounds "7"]
[EventCountry "GER"]
[SourceTitle "CBM 150 Extra"]
[Source "ChessBase"]
[SourceDate "2012.10.19"]
[SourceVersion "1"]
[SourceVersionDate "2012.10.19"]
[SourceQuality "1"]

1. c4 e6 2. Nc3 Bb4 3. Nf3 b6 4. g3 Bb7 5. Bg2 Nf6 6. 0-0 0-0 7. d3 d5 8. cxd5 Nxd5 9. Bd2 Be7 10. Nxd5 Bxd5 11. Qc2 c5 12. Rfd1 Nd7 13. a3 a5 14. a4 Rc8 15. Bc3 Qc7 16. Rac1 Rfd8 17. b3 e5 18. Nd2 Bxg2 19. Kxg2 h5 20. Nc4 h4 21. e4 Qb8 22. Qb2 Bf6 23. Rc2 Rc6 24. Ne3 Bg5 25. Nd5 Re8 26. Rf1 Rg6 27. Kh1 Nf6 28. Nxf6+ Bxf6 29. Rg1 Qc8 30. Qb1 Rd8 31. Rd2 Qe6 32. Rdd1 Qg4 33. Kg2 h3+ 34. Kf1 Bg5 35. Bxe5 Re6 36. Bf4 Rxe4 37. Qc2 Rb4 38. Bxg5 Qxg5 39. f3 Qd5 40. Kf2 Rxb3 41. Rge1 Qd4+ 42. Re3 Rb2 0-1

[Event "Vellmar op-A 4th"]
[Site "Vellmar"]
[Date "2012.07.29"]
[Round "7"]
[White "Schuhmacher, Jakob"]
[Black "Giese, Tilman"]
[Result "1/2-1/2"]
[WhiteElo "1945"]
[BlackElo "2067"]
[PlyCount "117"]
[EventDate "2012.07.26"]
[EventType "swiss"]
[EventRounds "7"]
[EventCountry "GER"]
[SourceTitle "EXT 2014"]
[Source "ChessBase"]
[SourceDate "2013.11.20"]
[SourceVersion "1"]
[SourceVersionDate "2013.11.20"]
[SourceQuality "1"]

1. d4 Nf6 2. c4 g6 3. Nc3 Bg7 4. e4 d6 5. Nf3 Nbd7 6. Qc2 e5 7. d5 0-0 8. Be2 Qe7 9. Rb1 a5 10. a3 Nc5 11. Nd2 Ng4 12. Bxg4 Bxg4 13. f3 Bd7 14. Nb3 f5 15. Nxc5 dxc5 16. Be3 b6 17. a4 Rad8 18. Rd1 Kh8 19. b3 g5 20. Qd2 f4 21. Bf2 Rf6 22. h3 Rh6 23. Ke2 Bf8 24. Kd3 Qf7 25. Kc2 Be7 26. Ne2 Kg7 27. Nc3 Rg8 28. Qc1 Kf8 29. Kb1 Ke8 30. Ne2 Kd8 31. Nc3 Kc8 32. Ne2 Rhg6 33. Nc3 Kb8 34. Rdg1 h5 35. Qd1 R8g7 36. Ne2 Qg8 37. Qf1 g4 38. hxg4 hxg4 39. Kc1 Kb7 40. Kc2 Rh7 41. Be1 Qh8 42. Rxh7 Qxh7 43. Rh1 Rh6 44. Rxh6 Qxh6 45. Qg1 Be8 46. Qf2 gxf3 47. gxf3 Qh1 48. Ng1 Bh5 49. Kd1 Be8 50. Ke2 Bd7 51. Qf1 Bf6 52. Qf2 Kc8 53. Qf1 Kd8 54. Qf2 Ke7 55. Qf1 Kf7 56. Qf2 Kg6 57. Qf1 Kh5 58. Qf2 Bc8 59. Qf1 1/2-1/2

[Event "Oberliga Sued W 1112"]
[Site "Germany"]
[Date "2011.11.13"]
[Round "3"]
[White "Louis, Volker"]
[Black "Giese, Tilman"]
[Result "1/2-1/2"]
[WhiteElo "2152"]
[BlackElo "1967"]
[PlyCount "88"]
[EventDate "2011.09.25"]
[EventType "team-tourn"]
[EventRounds "9"]
[EventCountry "GER"]
[SourceTitle "EXT 2013"]
[Source "ChessBase"]
[SourceDate "2012.11.22"]
[SourceVersion "1"]
[SourceVersionDate "2012.11.22"]
[SourceQuality "1"]
[WhiteTeam "Frankenthal"]
[BlackTeam "Illingen"]
[WhiteTeamCountry "GER"]
[BlackTeamCountry "GER"]

1. d4 Nf6 2. c4 g6 3. Nc3 Bg7 4. e4 d6 5. Be2 Nbd7 6. Bg5 c6 7. Nf3 a6 8. 0-0 0-0 9. Re1 b5 10. e5 dxe5 11. dxe5 Ng4 12. Ne4 Ngxe5 13. Nxe5 Bxe5 14. Qc2 f6 15. Bh4 Qc7 16. Bf3 Bxh2+ 17. Kh1 Ne5 18. cxb5 Nxf3 19. Qb3+ Rf7 20. Qxf3 g5 21. Bg3 Bxg3 22. Nxg3 axb5 23. a3 Ra4 24. b4 c5 25. Qc3 c4 26. Ne4 Ra6 27. Nc5 Rd6 28. Kg1 Rf8 29. a4 Qb6 30. Rxe7 Rfd8 31. axb5 Qxb5 32. Ne4 Rd1+ 33. Rxd1 Rxd1+ 34. Kh2 Qf5 35. Qxc4+ Kh8 36. Re8+ Kg7 37. Rg8+ Kh6 38. Qxc8 Qxe4 39. Qh3+ Qh4 40. Qxh4+ gxh4 41. Kh3 Kh5 42. g4+ hxg3 43. fxg3 Rh1+ 44. Kg2 Rb1 1/2-1/2

[Event "Wiesbaden op 23rd"]
[Site "Wiesbaden"]
[Date "2011.08.27"]
[Round "5"]
[White "Giese, Tilman"]
[Black "Lessmann, Sven"]
[Result "1-0"]
[WhiteElo "1967"]
[BlackElo "1250"]
[PlyCount "111"]
[EventDate "2011.08.25"]
[EventType "swiss"]
[EventRounds "7"]
[EventCountry "GER"]
[SourceTitle "CBM 144 Extra"]
[Source "ChessBase"]
[SourceDate "2011.10.28"]
[SourceVersion "1"]
[SourceVersionDate "2011.10.28"]
[SourceQuality "1"]

1. Nf3 d5 2. g3 Nf6 3. Bg2 Nc6 4. d4 e6 5. 0-0 Be7 6. c4 b6 7. Ne5 Bb7 8. Qa4 Qd6 9. b3 Qb4 10. Qxb4 Nxb4 11. Na3 a6 12. Bd2 Nc6 13. Nc2 0-0 14. Rfd1 Rfd8 15. Rac1 Nxe5 16. dxe5 Nd7 17. Bc3 c6 18. f4 Nc5 19. Bb4 Rd7 20. e4 Rad8 21. exd5 cxd5 22. cxd5 Bxd5 23. Bxd5 Rxd5 24. Ne3 Rd3 25. Rxd3 Rxd3 26. Rc3 Rxc3 27. Bxc3 Ne4 28. Bd4 b5 29. Kg2 Bb4 30. Nc2 Bd2 31. Kf3 Nc3 32. a3 Nd5 33. Ke2 Ba5 34. Kd3 Bd8 35. Bc5 a5 36. Nd4 b4 37. Nc6 Bc7 38. axb4 axb4 39. Kd4 f6 40. Ne7+ Nxe7 41. Bxe7 fxe5+ 42. fxe5 Ba5 43. Kc4 Kf7 44. Bxb4 Bc7 45. Bd6 Bb6 46. Kb5 Bg1 47. h3 Kg6 48. Kc6 Kf5 49. b4 h5 50. b5 Ba7 51. b6 Bxb6 52. Kxb6 g5 53. Kc6 g4 54. hxg4+ Kxg4 55. Kd7 Kxg3 56. Kxe6 1-0

[Event "Wiesbaden op 23rd"]
[Site "Wiesbaden"]
[Date "2011.08.27"]
[Round "4"]
[White "Goloborodko, Dimitri"]
[Black "Giese, Tilman"]
[Result "1-0"]
[WhiteElo "2123"]
[BlackElo "1967"]
[PlyCount "116"]
[EventDate "2011.08.25"]
[EventType "swiss"]
[EventRounds "7"]
[EventCountry "GER"]
[SourceTitle "CBM 144 Extra"]
[Source "ChessBase"]
[SourceDate "2011.10.28"]
[SourceVersion "1"]
[SourceVersionDate "2011.10.28"]
[SourceQuality "1"]

1. d4 Nf6 2. c4 g6 3. Nc3 Bg7 4. e4 d6 5. f3 Nbd7 6. Nge2 c6 7. Be3 a6 8. Qd2 b5 9. Ng3 h5 10. h4 Qc7 11. cxb5 axb5 12. Bd3 Nb6 13. b3 Be6 14. Rc1 Qb7 15. d5 cxd5 16. Nxb5 Rc8 17. Rxc8+ Nxc8 18. 0-0 0-0 19. Rc1 dxe4 20. Nxe4 Nxe4 21. fxe4 d5 22. Nc7 d4 23. Bf2 Bd7 24. Nd5 Bc6 25. Qa5 e6 26. Ba6 Qd7 27. Bxc8 Rxc8 28. Nb6 Qd8 29. Qc5 Rb8 30. Qxc6 Rxb6 31. Qc8 Rd6 32. Kf1 Bh6 33. Qxd8+ Rxd8 34. Rd1 d3 35. a4 f5 36. e5 Bf4 37. a5 Bxe5 38. a6 Bc3 39. a7 d2 40. Be3 Ra8 41. Ke2 e5 42. Kd3 Ba5 43. Bc5 e4+ 44. Ke3 Kf7 45. b4 Bxb4 46. Bxb4 Rxa7 47. Rxd2 Rb7 48. Bc5 Rb3+ 49. Kf4 Rc3 50. Bd4 Rb3 51. Be5 e3 52. Rb2 Ra3 53. Kf3 e2+ 54. Kxe2 Ra4 55. Bg3 Kf6 56. Kf3 f4 57. Be1 Ke6 58. Rb5 Kd6 1-0